Loading...
| Philosophy | 0 | 6 | 0 | 0 | 60 | 66 | 89.00 | 3 | 3 |
| Fine Arts - Painting and Sculpture | 0 | 7 | 2 | 0 | 60 | 71 | 87.57 | 4 | 7 |
| Social Science | 0 | 3 | 0 | 1 | 30 | 113 | 114.33 | 1 | 3 |
| Fine Arts - Other Fine Arts | 0 | 2 | 0 | 0 | 20 | 76 | 87.50 | 1 | 2 |
| Mythology | 0 | 2 | 0 | 0 | 20 | 90 | 112.00 | 0 | 2 |
| Literature - World Literature | 0 | 2 | 0 | 0 | 20 | 100 | 110.50 | 0 | 0 |
| Science - Biology | 0 | 2 | 0 | 0 | 20 | 77 | 87.50 | 0 | 2 |
| Geography | 0 | 2 | 0 | 1 | 20 | 127 | 133.50 | 0 | 1 |
| Literature - European Literature | 0 | 1 | 0 | 0 | 10 | 139 | 139.00 | 0 | 0 |
| History - European History | 0 | 1 | 0 | 1 | 10 | 48 | 48.00 | 0 | 1 |
| History - World History | 0 | 1 | 0 | 0 | 10 | 84 | 84.00 | 0 | 0 |
| Literature - British Literature | 0 | 1 | 0 | 0 | 10 | 129 | 129.00 | 1 | 1 |
| Fine Arts - Classical Music | 0 | 1 | 0 | 0 | 10 | 90 | 90.00 | 0 | 1 |
| Other Academic | 0 | 1 | 0 | 0 | 10 | 81 | 81.00 | 1 | 1 |
| Religion | 0 | 1 | 0 | 0 | 10 | 137 | 137.00 | 0 | 1 |
| History - American History | 0 | 0 | 1 | 0 | -5 | 0.00 | 0 | 0 |